[Event "XV Torneo Internacional de Ajedrez CIUD"]
[Site "Albacete -ESPAÑA"]
[Date "2007.09.04"]
[Round "4.3"]
[White "Movsziszian, K."]
[Black "Valmana Canto, J."]
[Result "1-0"]
[WhiteElo "2534"]
[BlackElo "2346"]
[PlyCount "73"]
[EventDate "2007.09.02"]

1. e4 c5 2. d3 Nc6 3. g3 g6 4. Bg2 Bg7 5. f4 e6 6. Nf3 Nge7 7. O-O O-O 8. c3 d5
9. e5 f6 10. exf6 Bxf6 11. Re1 Qd6 12. Na3 Bd7 13. Qe2 Rae8 14. Be3 a6 15. Bf2
b5 16. Nc2 b4 17. cxb4 cxb4 18. d4 a5 19. h4 Qb8 20. Ne5 Nxe5 21. dxe5 Bg7 22.
Nd4 Nf5 23. Rad1 Rc8 24. h5 Nxd4 25. Bxd4 Qb5 26. hxg6 hxg6 27. Qg4 Qc6 28.
Qxg6 Rf5 29. Qg4 Be8 30. Qf3 Bg6 31. g4 Rff8 32. f5 exf5 33. Qxd5+ Qxd5 34.
Bxd5+ Kh7 35. Re2 Rcd8 36. Rh2+ Bh6 37. g5 1-0

[Event "XV Torneo Internacional de Ajedrez CIUD"]
[Site "Albacete -ESPAÑA"]
[Date "2007.09.04"]
[Round "4.4"]
[White "Guliev, L."]
[Black "Lazarev, V."]
[Result "1/2-1/2"]
[WhiteElo "2454"]
[BlackElo "2498"]
[PlyCount "26"]
[EventDate "2007.09.02"]

1. e4 c5 2. Nf3 Nc6 3. Bb5 g6 4. Bxc6 dxc6 5. d3 Bg7 6. h3 b6 7. Nc3 Nh6 8. Bf4
f6 9. e5 Nf5 10. O-O O-O 11. Re1 Nd4 12. exf6 exf6 13. Ne4 Ne6 1/2-1/2

[Event "XV Torneo Internacional de Ajedrez CIUD"]
[Site "Albacete -ESPAÑA"]
[Date "2007.09.04"]
[Round "4.5"]
[White "Saldano, H."]
[Black "Khamrakulov, I."]
[Result "0-1"]
[WhiteElo "2451"]
[BlackElo "2592"]
[PlyCount "68"]
[EventDate "2007.09.02"]

1. d4 Nf6 2. Bg5 e6 3. e3 h6 4. Bxf6 Qxf6 5. f4 c5 6. c3 g5 7. Nf3 gxf4 8. Bd3
b6 9. O-O Bb7 10. e4 Nc6 11. e5 Qg7 12. Be4 O-O-O 13. Nbd2 Rg8 14. Rf2 f5 15.
exf6 Qxf6 16. d5 Ne5 17. d6 Ng4 18. Qa4 Kb8 19. Bxb7 Kxb7 20. Ne4 Qf7 21. Re2
Ne3 22. Kh1 Rc8 23. Rg1 Rc6 24. Rd2 Nf5 25. b4 cxb4 26. cxb4 Ne3 27. Qb5 a6 28.
Qa4 Qg6 29. Nc5+ bxc5 30. bxc5 Bg7 31. Qb3+ Ka7 32. Rb1 Qxb1+ 33. Qxb1 Rxc5 34.
Qh7 Rcc8 {...} 0-1

[Event "XV Torneo Internacional de Ajedrez CIUD"]
[Site "Albacete -ESPAÑA"]
[Date "2007.09.04"]
[Round "4.6"]
[White "Vitor, A."]
[Black "Suba, M."]
[Result "1-0"]
[WhiteElo "2373"]
[BlackElo "2525"]
[PlyCount "71"]
[EventDate "2007.09.02"]

1. Nf3 Nf6 2. c4 e6 3. g3 d5 4. Bg2 dxc4 5. Qa4+ c6 6. Qxc4 b5 7. Qb3 Bb7 8. d4
Nbd7 9. O-O a6 10. a4 Qb6 11. Be3 Nd5 12. Nbd2 Be7 13. Rfc1 O-O 14. Ne4 Nxe3
15. Qxe3 Rac8 16. Nc5 Nxc5 17. dxc5 Qc7 18. Ne5 Bf6 19. f4 Rfd8 20. b4 bxa4 21.
Rxa4 g5 22. Kh1 gxf4 23. gxf4 Kh8 24. Ra3 Rb8 25. Qe4 Bg7 26. Rh3 h6 27. Qe3 f5
28. Bf3 Kh7 29. Rg1 Rg8 30. Nc4 Bf6 31. Qxe6 Rxg1+ 32. Kxg1 Rg8+ 33. Rg3 Rxg3+
34. hxg3 Qg7 35. Kg2 Bc3 36. Nd6 1-0

[Event "XV Torneo Internacional de Ajedrez CIUD"]
[Site "Albacete -ESPAÑA"]
[Date "2007.09.04"]
[Round "4.7"]
[White "Picazo Lopez, J."]
[Black "Pogorelov, R."]
[Result "1/2-1/2"]
[WhiteElo "2198"]
[BlackElo "2453"]
[PlyCount "35"]
[EventDate "2007.09.02"]

1. d4 Nf6 2. c4 e6 3. Nc3 Bb4 4. e3 O-O 5. Bd3 c5 6. Nge2 d5 7. cxd5 cxd4 8.
exd4 Nxd5 9. O-O Nc6 10. a3 Be7 11. Qc2 g6 12. Bh6 Re8 13. Rad1 Nxc3 14. Qxc3
Bf6 15. Be4 Ne7 16. Qb3 Qb6 17. Qxb6 axb6 18. Rd3 1/2-1/2

[Event "XV Torneo Internacional de Ajedrez CIUD"]
[Site "Albacete -ESPAÑA"]
[Date "2007.09.04"]
[Round "4.8"]
[White "Minzer, C."]
[Black "Granero Roca, A."]
[Result "1/2-1/2"]
[WhiteElo "2410"]
[BlackElo "2348"]
[PlyCount "39"]
[EventDate "2007.09.02"]

1. g3 Nf6 2. Bg2 c5 3. Nf3 d5 4. O-O g6 5. d3 Bg7 6. Nbd2 O-O 7. e4 dxe4 8.
Nxe4 Nxe4 9. dxe4 Qxd1 10. Rxd1 Nc6 11. c3 Be6 12. Be3 b6 13. Ng5 Bc4 14. e5
Rac8 15. f4 h6 16. Ne4 Rfd8 17. Rxd8+ Nxd8 18. Rd1 Bb5 19. Bf1 Bc6 20. Bg2
1/2-1/2

[Event "XV Torneo Internacional de Ajedrez CIUD"]
[Site "Albacete -ESPAÑA"]
[Date "2007.09.04"]
[Round "4.9"]
[White "Garcia Moreno, C."]
[Black "Perez Mitjans, O."]
[Result "0-1"]
[WhiteElo "2118"]
[BlackElo "2412"]
[PlyCount "56"]
[EventDate "2007.09.02"]

1. e4 c5 2. b3 Nc6 3. Bb2 Nf6 4. d3 d6 5. g3 e6 6. Bg2 Be7 7. Ne2 d5 8. Nd2 d4
9. h3 e5 10. a3 Bd7 11. c4 Bd6 12. Bc1 Nh5 13. Rb1 g6 14. Nf3 Qe7 15. Bd2 a5
16. Nh4 Ng7 17. Qc1 f6 18. Bh6 O-O-O 19. f4 Rhg8 20. Bxg7 Rxg7 21. f5 gxf5 22.
Nxf5 Bxf5 23. exf5 e4 24. Bxe4 Bxg3+ 25. Nxg3 Rxg3 26. Qf4 Rxd3 27. Kf2 Ne5 28.
Rb2 Re3 0-1

[Event "XV Torneo Internacional de Ajedrez CIUD"]
[Site "Albacete -ESPAÑA"]
[Date "2007.09.04"]
[Round "4.10"]
[White "Rivas Pastor, M."]
[Black "Huguet, S."]
[Result "1-0"]
[WhiteElo "2510"]
[BlackElo "2134"]
[PlyCount "87"]
[EventDate "2007.09.02"]

1. d4 Nf6 2. c4 e6 3. Nf3 d5 4. Nc3 c6 5. Bg5 h6 6. Bxf6 Qxf6 7. e3 Nd7 8. Qc2
Bd6 9. O-O-O O-O 10. e4 dxe4 11. Nxe4 Qe7 12. Bd3 Nf6 13. Nxd6 Qxd6 14. c5 Qc7
15. Ne5 b6 16. Kb1 Bb7 17. f4 Nd5 18. Qf2 bxc5 19. dxc5 a5 20. a3 Ba6 21. Bc2
Rfb8 22. Ka1 Qb7 23. Rb1 f6 24. Ng4 Nb4 25. Bb3 Bd3 26. Bxe6+ Kh8 27. Rbc1 Be4
28. Bc4 Nd3 29. Bxd3 Bxd3 30. Rhd1 Qb5 31. Ne3 Ra7 32. Rc3 Be4 33. Nc4 Bd5 34.
Nd6 Qa4 35. Rd4 Rb4 36. Rxd5 cxd5 37. c6 Rc7 38. Qc5 Rxf4 39. Ka2 Rf1 40. Qxd5
Qh4 41. Qxa5 Qe1 42. Qxc7 Qb1+ 43. Kb3 Rf2 44. Nc4 1-0

[Event "XV Torneo Internacional de Ajedrez CIUD"]
[Site "Albacete -ESPAÑA"]
[Date "2007.09.04"]
[Round "4.11"]
[White "Campayo Hernandez, J."]
[Black "Vassallo, M."]
[Result "0-1"]
[WhiteElo "2132"]
[BlackElo "2387"]
[PlyCount "110"]
[EventDate "2007.09.02"]

1. c4 e5 2. g3 Nc6 3. Bg2 g6 4. Nc3 Bg7 5. e4 d6 6. Nge2 f5 7. d3 Nf6 8. O-O
O-O 9. f3 Be6 10. Nd5 Qd7 11. Be3 Rf7 12. Qd2 Raf8 13. b4 a6 14. a4 f4 15. gxf4
Nh5 16. fxe5 Nxe5 17. f4 Ng4 18. Bd4 Bh6 19. h3 Bxd5 20. hxg4 Nxf4 21. Nxf4
Rxf4 22. Be3 Rxf1+ 23. Rxf1 Bxe3+ 24. Qxe3 Rxf1+ 25. Kxf1 Be6 26. e5 b6 27.
exd6 Qxd6 28. c5 bxc5 29. bxc5 Qd7 30. g5 a5 31. d4 Bc4+ 32. Kg1 Qxa4 33. c6
Bf7 34. Qe5 Qb4 35. Qxc7 Qxd4+ 36. Kh2 Qh4+ 37. Kg1 Qxg5 38. Qb8+ Kg7 39. c7
Qc1+ 40. Kh2 Qf4+ 41. Kg1 Qc1+ 42. Kh2 Be6 43. Qd8 Qf4+ 44. Kg1 Qe3+ 45. Kh2
Qe5+ 46. Kh1 Qh5+ 47. Kg1 Qc5+ 48. Kh2 a4 49. Bb7 a3 50. c8=Q Qe5+ 51. Kg2 Bxc8
52. Bxc8 a2 53. Qd7+ Kh6 54. Qh3+ Kg5 55. Qg4+ Kf6 0-1

[Event "XV Torneo Internacional de Ajedrez CIUD"]
[Site "Albacete -ESPAÑA"]
[Date "2007.09.04"]
[Round "4.12"]
[White "Olivera Gutierrez, A."]
[Black "Guerra Bastida, D."]
[Result "0-1"]
[WhiteElo "2115"]
[BlackElo "2370"]
[PlyCount "124"]
[EventDate "2007.09.02"]

1. e4 d6 2. d4 Nf6 3. Nc3 g6 4. f3 c6 5. Be3 b5 6. Qd2 Nbd7 7. g4 Nb6 8. b3 h5
9. g5 Nfd7 10. h4 Bg7 11. Bh3 Qc7 12. f4 b4 13. Nce2 c5 14. c3 bxc3 15. Nxc3
O-O 16. Rc1 cxd4 17. Bxd4 e5 18. Nb5 Qd8 19. Bb2 Nc5 20. Nxd6 Bxh3 21. Nxh3 Ne6
22. fxe5 Nd7 23. Nc4 Ndc5 24. Qxd8 Rfxd8 25. Nf2 Nf4 26. Rc2 Rd7 27. O-O Rad8
28. Nd6 Ncd3 29. Nxd3 Nxd3 30. Nc4 Nxb2 31. Rxb2 Rd3 32. Kg2 Re8 33. Rbf2 Rd7
34. Rd2 Rxd2+ 35. Nxd2 Bxe5 36. Nc4 Bc3 37. Rc1 Bb4 38. a3 Bf8 39. Kf3 Rd8 40.
Rc3 Rd1 41. b4 Rf1+ 42. Kg3 Rg1+ 43. Kh3 Bg7 44. Rd3 Rh1+ 45. Kg3 Rc1 46. Nd2
Be5+ 47. Kg2 Rc2 48. Kf3 Rc1 49. Kg2 Bb2 50. Kg3 Rd1 51. Kf3 Rh1 52. Nc4 Rh3+
53. Ke2 Rxh4 54. Rd8+ Kg7 55. Kd3 Bc1 56. Rd7 Bxg5 57. Rxa7 Rf4 58. b5 h4 59.
b6 h3 60. b7 Rf3+ 61. Kc2 h2 62. b8=Q h1=Q 0-1

[Event "XV Torneo Internacional de Ajedrez CIUD"]
[Site "Albacete -ESPAÑA"]
[Date "2007.09.04"]
[Round "4.13"]
[White "Bolado Saez, S."]
[Black "Morais, V."]
[Result "1-0"]
[WhiteElo "2366"]
[BlackElo "2101"]
[PlyCount "77"]
[EventDate "2007.09.02"]

1. e4 c5 2. Nf3 Nc6 3. Nc3 g6 4. d4 Bg7 5. d5 Nd4 6. Be3 Nxf3+ 7. Qxf3 d6 8.
Bd3 Nh6 9. h3 O-O 10. g4 f6 11. Qg3 e5 12. dxe6 Bxe6 13. O-O-O a6 14. Be2 Nf7
15. f4 Qa5 16. a3 b5 17. f5 Bc4 18. Bxc4 bxc4 19. Nd5 Rfe8 20. fxg6 hxg6 21.
Qf3 Re6 22. Bd2 Qd8 23. Bc3 Ng5 24. Qf1 Kh7 25. h4 Nxe4 26. h5 Nxc3 27. hxg6+
Kxg6 28. Nf4+ Kf7 29. Nxe6 Na2+ 30. Kb1 Nc3+ 31. Ka1 Kxe6 32. Qxc4+ Ke7 33.
Rhe1+ Kf8 34. Qxc3 Rb8 35. Qd3 Rb6 36. c3 Qd7 37. Re2 Qxg4 38. Rde1 Qh5 39. Qe4
1-0

[Event "XV Torneo Internacional de Ajedrez CIUD"]
[Site "Albacete -ESPAÑA"]
[Date "2007.09.04"]
[Round "4.14"]
[White "Cabello Rodriguez, S."]
[Black "Martinez Rodriguez, P."]
[Result "1-0"]
[WhiteElo "2105"]
[BlackElo "2304"]
[PlyCount "37"]
[EventDate "2007.09.02"]

1. d4 d5 2. e3 c5 3. dxc5 e6 4. b4 a5 5. c3 b6 6. Bb5+ Bd7 7. Bxd7+ Qxd7 8.
cxb6 axb4 9. cxb4 Bxb4+ 10. Bd2 Bc5 11. Qc2 Qc6 12. Nc3 Na6 13. Qa4 Ne7 14. Nf3
Nb4 15. b7 Rb8 16. Ke2 Rxb7 17. Rhc1 Na6 18. Qxc6+ Nxc6 19. Na4 1-0

[Event "XV Torneo Internacional de Ajedrez CIUD"]
[Site "Albacete -ESPAÑA"]
[Date "2007.09.04"]
[Round "4.15"]
[White "Garcia Romero, B."]
[Black "Dura Olmos, G."]
[Result "1-0"]
[WhiteElo "2258"]
[BlackElo "2086"]
[PlyCount "89"]
[EventDate "2007.09.02"]

1. d4 Nf6 2. c4 g6 3. Nc3 Bg7 4. e4 d6 5. f3 O-O 6. Nge2 c5 7. d5 e6 8. Ng3
exd5 9. cxd5 a6 10. a4 Nbd7 11. Be2 Qb6 12. a5 Qc7 13. O-O b5 14. axb6 Qxb6 15.
Na4 Qc7 16. Bg5 Rb8 17. Qc1 Re8 18. Bh6 Bh8 19. Qd2 Rb4 20. Rfc1 Qb8 21. Rc4
Rxc4 22. Bxc4 Nb6 23. Nxb6 Qxb6 24. Ra3 Nd7 25. Rb3 Qa7 26. Qa5 Ne5 27. Bb5 c4+
28. Be3 Nxf3+ 29. gxf3 Bd4 30. Bxe8 cxb3 31. Qd8 Bxe3+ 32. Kg2 Bg1 33. Nh1 Qd4
34. Qxc8 Qxb2+ 35. Kf1 Qa1+ 36. Ke2 Qa2+ 37. Kd3 b2 38. Bxf7+ Kxf7 39. Qe6+ Kg7
40. Qe7+ Kh6 41. Qf8+ Kg5 42. Qe7+ Kh6 43. Qf8+ Kg5 44. h4+ Kxh4 45. Qh6# 1-0

[Event "XV Torneo Internacional de Ajedrez CIUD"]
[Site "Albacete -ESPAÑA"]
[Date "2007.09.04"]
[Round "4.16"]
[White "Ballester Llagaria, L."]
[Black "Jimenez Martinez, J."]
[Result "0-1"]
[WhiteElo "2002"]
[BlackElo "2207"]
[PlyCount "74"]
[EventDate "2007.09.02"]

1. e4 g6 2. d4 Bg7 3. Nc3 d6 4. f4 Nf6 5. Nf3 O-O 6. Bd3 c5 7. dxc5 dxc5 8. O-O
Nc6 9. e5 Nd5 10. Be4 Nxc3 11. bxc3 Qa5 12. Bd2 Be6 13. Qe2 Rad8 14. Rab1 Qc7
15. Qb5 Na5 16. Rfe1 b6 17. a3 Bc4 18. Qb2 f5 19. exf6 exf6 20. f5 g5 21. Be3
Rfe8 22. Nd2 Bf7 23. Rbd1 Rd7 24. Bf3 Rde7 25. Nf1 Nc4 26. Qc1 Qe5 27. Rd3 Qxf5
28. Ng3 Qc8 29. h3 Ne5 30. Rdd1 Nxf3+ 31. gxf3 Qxh3 32. Bf2 h5 33. Rxe7 Rxe7
34. Rd8+ Kh7 35. Qd1 h4 36. Ne4 Bg6 37. Qe2 Qe6 0-1

[Event "XV Torneo Internacional de Ajedrez CIUD"]
[Site "Albacete -ESPAÑA"]
[Date "2007.09.04"]
[Round "4.17"]
[White "Quidiello, R."]
[Black "Machado Hernandez, J."]
[Result "1-0"]
[WhiteElo "2207"]
[BlackElo "2022"]
[PlyCount "103"]
[EventDate "2007.09.02"]

1. d4 Nf6 2. c4 g6 3. Nc3 d6 4. e4 Bg7 5. f3 O-O 6. Be3 Na6 7. Qd2 e5 8. d5 Bd7
9. Bd3 c6 10. a3 c5 11. Nge2 Nc7 12. b4 b6 13. Rb1 Rb8 14. Rb2 Qe7 15. Bc2 Rfe8
16. O-O Qf8 17. Rfb1 a6 18. bxc5 bxc5 19. Rb7 Na8 20. Ba4 Rxb7 21. Rxb7 Rb8 22.
Rxd7 Nxd7 23. Bxd7 Nb6 24. Ba4 Nxc4 25. Qd3 Nxe3 26. Qxe3 Qd8 27. Qc1 Qh4 28.
g3 Qh3 29. Nd1 Bh6 30. Qc2 Qc8 31. Kg2 Qc7 32. Nb2 Be3 33. Nc4 Bd4 34. Qc1 Kg7
35. Bc2 h5 36. h4 Qd8 37. Qd2 Rb5 38. Nc1 f6 39. Nb3 g5 40. Nba5 gxh4 41. gxh4
f5 42. Qg5+ Qxg5+ 43. hxg5 fxe4 44. Bxe4 Be3 45. g6 Bg5 46. Nc6 Kg8 47. Kh1 Rb3
48. Nxd6 Rxa3 49. Nf5 c4 50. d6 Ra1+ 51. Kg2 Rd1 52. Nce7+ 1-0

[Event "XV Torneo Internacional de Ajedrez CIUD"]
[Site "Albacete -ESPAÑA"]
[Date "2007.09.04"]
[Round "4.19"]
[White "Espinosa Aranda, A."]
[Black "Lopez Quevedo, E."]
[Result "1-0"]
[WhiteElo "2184"]
[BlackElo "2007"]
[PlyCount "39"]
[EventDate "2007.09.02"]

1. d4 d5 2. Nf3 e6 3. c4 c6 4. Qc2 Nf6 5. e3 Nbd7 6. Nc3 Be7 7. g4 h6 8. Rg1 g5
9. Be2 Qc7 10. Bd2 dxc4 11. Bxc4 Bd6 12. O-O-O Nb6 13. Bb3 e5 14. dxe5 Bxe5 15.
Nxe5 Qxe5 16. f4 Qe7 17. f5 Bd7 18. e4 O-O-O 19. Be3 Rhe8 20. Nb5 1-0

[Event "XV Torneo Internacional de Ajedrez CIUD"]
[Site "Albacete -ESPAÑA"]
[Date "2007.09.04"]
[Round "4.20"]
[White "Arraiz Perez, D."]
[Black "Mena, A."]
[Result "0-1"]
[WhiteElo "1964"]
[BlackElo "2169"]
[PlyCount "76"]
[EventDate "2007.09.02"]

1. e4 c5 2. Nf3 e6 3. b3 a6 4. Bb2 Nf6 5. e5 Nd5 6. c4 Nf4 7. g3 Ng6 8. Bg2 Nc6
9. O-O Be7 10. Re1 O-O 11. Na3 d5 12. d3 d4 13. Nc2 Qc7 14. Qe2 b5 15. Rac1 Bd7
16. cxb5 axb5 17. a3 Qb6 18. h4 f6 19. exf6 gxf6 20. b4 e5 21. h5 Nh8 22. bxc5
Bxc5 23. Nd2 Rae8 24. Ne4 Be7 25. g4 Nf7 26. Qf3 Nh6 27. Qg3 Kh8 28. f3 f5 29.
Nf2 Qd8 30. Nb4 Nxb4 31. axb4 Bh4 32. Qh2 fxg4 33. Nxg4 Bxg4 34. Rxe5 Rxe5 35.
Qxe5+ Bf6 36. Qf4 Bg7 37. Qg3 Bf5 38. Rc6 Qe8 0-1

[Event "XV Torneo Internacional de Ajedrez CIUD"]
[Site "Albacete -ESPAÑA"]
[Date "2007.09.04"]
[Round "5.1"]
[White "Movsziszian, K."]
[Black "Burmakin, V."]
[Result "0-1"]
[WhiteElo "2534"]
[BlackElo "2581"]
[PlyCount "37"]
[EventDate "2007.09.02"]

1. g3 d5 2. Bg2 c6 3. d3 Nf6 4. Nf3 h6 5. O-O Bf5 6. c4 dxc4 7. dxc4 Qxd1 8.
Rxd1 Nbd7 9. b3 e5 10. Bb2 Bc5 11. Nc3 Bb6 12. Na4 Bc7 13. h3 O-O-O 14. Rac1
Rhe8 15. b4 Bh7 16. Nd2 e4 17. Nf1 Nh5 18. Rd4 Nhf6 19. Nc3 {....} 0-1

[Event "XV Torneo Internacional de Ajedrez CIUD"]
[Site "Albacete -ESPAÑA"]
[Date "2007.09.04"]
[Round "5.2"]
[White "Khamrakulov, I."]
[Black "Babaev, R."]
[Result "1/2-1/2"]
[WhiteElo "2592"]
[BlackElo "2488"]
[PlyCount "45"]
[EventDate "2007.09.02"]

1. e4 c5 2. c3 g6 3. d4 cxd4 4. cxd4 d5 5. exd5 Nf6 6. Nc3 Bg7 7. Qb3 O-O 8.
Be2 Nbd7 9. Bf3 Nb6 10. Nge2 Bf5 11. a4 a5 12. O-O Bd3 13. d6 Qxd6 14. Nb5 Bc4
15. Qxc4 Nxc4 16. Nxd6 Nxd6 17. Bf4 Rfd8 18. Rac1 Rac8 19. b3 Nfe4 20. Rfe1 Bf6
21. Bg4 Rxc1 22. Rxc1 Bg5 23. Bxg5 1/2-1/2

[Event "XV Torneo Internacional de Ajedrez CIUD"]
[Site "Albacete -ESPAÑA"]
[Date "2007.09.04"]
[Round "5.4"]
[White "Lazarev, V."]
[Black "Vitor, A."]
[Result "1/2-1/2"]
[WhiteElo "2498"]
[BlackElo "2373"]
[PlyCount "65"]
[EventDate "2007.09.02"]

1. d4 g6 2. c4 Bg7 3. e4 c5 4. d5 d6 5. Nc3 e6 6. Bd3 Na6 7. h3 Nc7 8. Nf3 Ne7
9. O-O O-O 10. Rb1 Rb8 11. Bd2 b5 12. dxe6 Bxe6 13. cxb5 c4 14. Be2 Nxb5 15.
Nxb5 Rxb5 16. b3 Rc5 17. bxc4 Bxc4 18. Be3 Bxe2 19. Qxe2 Rc7 20. Rfd1 Nc8 21.
e5 Qe7 22. exd6 Nxd6 23. Qa6 Nc8 24. Rdc1 h6 25. Bf4 Rxc1+ 26. Rxc1 Nb6 27. Be3
Rb8 28. a4 Nd5 29. Rc8+ Rxc8 30. Qxc8+ Kh7 31. Bd2 Qc7 32. Qa6 Bc3 33. Qb5
1/2-1/2

[Event "XV Torneo Internacional de Ajedrez CIUD"]
[Site "Albacete -ESPAÑA"]
[Date "2007.09.04"]
[Round "5.5"]
[White "Jimenez Martinez, J."]
[Black "Rivas Pastor, M."]
[Result "0-1"]
[WhiteElo "2207"]
[BlackElo "2510"]
[PlyCount "82"]
[EventDate "2007.09.02"]

1. d4 Nf6 2. c4 e6 3. Nc3 Bb4 4. Qc2 c5 5. dxc5 Na6 6. a3 Qa5 7. Bd2 Nxc5 8.
Rd1 Bxc3 9. Bxc3 Qa4 10. Qxa4 Nxa4 11. Be5 b6 12. b3 Nc5 13. b4 Nb7 14. g3 d6
15. Bxd6 Nxd6 16. Rxd6 Bb7 17. Nf3 Ke7 18. Rd1 Rhc8 19. Rc1 a5 20. b5 Rc5 21.
Bg2 Rac8 22. O-O Bxf3 23. Bxf3 Rxc4 24. Bc6 Rxc1 25. Rxc1 Nd7 26. Rd1 Ne5 27.
Be4 f5 28. f4 Nc4 29. Bc6 Rd8 30. Ra1 Rd2 31. Kf2 Kd6 32. h3 e5 33. g4 fxg4 34.
hxg4 exf4 35. g5 Kc5 36. a4 Kb4 37. Rh1 h6 38. gxh6 gxh6 39. Rh4 Rd4 40. Rxh6
Kxa4 41. Rh1 Kb3 0-1

[Event "XV Torneo Internacional de Ajedrez CIUD"]
[Site "Albacete -ESPAÑA"]
[Date "2007.09.04"]
[Round "5.6"]
[White "Castellanos Rodriguez, R."]
[Black "Garcia Romero, B."]
[Result "1-0"]
[WhiteElo "2471"]
[BlackElo "2258"]
[PlyCount "101"]
[EventDate "2007.09.02"]

1. e4 e5 2. Nf3 Nc6 3. Bb5 a6 4. Ba4 Nf6 5. d3 b5 6. Bb3 Be7 7. O-O O-O 8. Re1
d6 9. c3 h6 10. Nbd2 Re8 11. Nf1 Bf8 12. Ng3 Rb8 13. h3 Na5 14. Bc2 c5 15. d4
Bd7 16. d5 b4 17. cxb4 cxb4 18. b3 Qc7 19. Bd2 Rec8 20. Bd3 Qb6 21. Be3 Qb7 22.
Qe2 Bb5 23. Rec1 Qd7 24. Bd2 Kh7 25. Ne1 Rxc1 26. Rxc1 g6 27. Qf3 Ne8 28. Bxb4
Nb7 29. Bxb5 axb5 30. Nd3 Ra8 31. Rc2 Nc7 32. Nf1 Bg7 33. Ne3 Na6 34. Bd2 Nbc5
35. Nc1 Ra7 36. b4 Na4 37. Nb3 Rc7 38. Rxc7 Qxc7 39. Qe2 Qd7 40. g4 Bf6 41. Na5
Bg5 42. Nc6 Nc7 43. Nd1 Kg7 44. Bxg5 hxg5 45. Qe3 Kf6 46. Nc3 Nb2 47. Qe2 Nc4
48. Nxb5 Nb6 49. Nxc7 Qxc7 50. Qa6 Nc8 51. a4 1-0

[Event "XV Torneo Internacional de Ajedrez CIUD"]
[Site "Albacete -ESPAÑA"]
[Date "2007.09.04"]
[Round "5.7"]
[White "Pogorelov, R."]
[Black "Quidiello, R."]
[Result "1-0"]
[WhiteElo "2453"]
[BlackElo "2207"]
[PlyCount "77"]
[EventDate "2007.09.02"]

1. Nf3 d5 2. d4 Nf6 3. c4 c6 4. Nc3 a6 5. c5 Nbd7 6. Bf4 Nh5 7. Bd2 Nhf6 8. b4
g6 9. Qc1 Bg7 10. Bh6 O-O 11. Bxg7 Kxg7 12. e3 Qc7 13. Be2 e5 14. O-O Re8 15.
a4 exd4 16. exd4 Ne4 17. Nxe4 Rxe4 18. Bd3 Re6 19. Qb2 Qd8 20. b5 f6 21. b6 Nf8
22. Nd2 Re7 23. Nb3 Bd7 24. Rfe1 Qe8 25. Qd2 Be6 26. Na5 Qd7 27. Re3 Rae8 28.
Rae1 Kf7 29. h3 Qc8 30. Qe2 Nd7 31. Qf3 Nb8 32. Qf4 Kg7 33. Qd6 Kf7 34. h4 Qd7
35. Qf4 Kg7 36. h5 Rf8 37. Nxb7 Qxb7 38. Rxe6 Rxe6 39. Rxe6 1-0

[Event "XV Torneo Internacional de Ajedrez CIUD"]
[Site "Albacete -ESPAÑA"]
[Date "2007.09.04"]
[Round "5.8"]
[White "Valmana Canto, J."]
[Black "Saldano, H."]
[Result "1-0"]
[WhiteElo "2346"]
[BlackElo "2451"]
[PlyCount "47"]
[EventDate "2007.09.02"]

1. e4 e6 2. d4 d5 3. Nc3 Nf6 4. e5 Nfd7 5. f4 c5 6. Nf3 Nc6 7. Be3 cxd4 8. Nxd4
Bc5 9. Qd2 O-O 10. O-O-O a6 11. Kb1 Qc7 12. Qf2 Bxd4 13. Bxd4 b5 14. Bd3 b4 15.
Qh4 h6 16. Ne2 Qd8 17. Qh3 a5 18. g4 Ba6 19. g5 Bxd3 20. Rxd3 hxg5 21. Rg1 Nxd4
22. Nxd4 Nc5 23. Rxg5 Nxd3 24. Rh5 1-0

[Event "XV Torneo Internacional de Ajedrez CIUD"]
[Site "Albacete -ESPAÑA"]
[Date "2007.09.04"]
[Round "5.9"]
[White "Perez Mitjans, O."]
[Black "Picazo Lopez, J."]
[Result "1-0"]
[WhiteElo "2412"]
[BlackElo "2198"]
[PlyCount "49"]
[EventDate "2007.09.02"]

1. e4 d5 2. exd5 Nf6 3. d4 Nxd5 4. Nf3 g6 5. c4 Nb6 6. a4 Bg7 7. a5 N6d7 8. Nc3
O-O 9. Bg5 Nc6 10. Qd2 f6 11. Be3 e5 12. d5 Ne7 13. c5 Nf5 14. a6 bxa6 15. d6
Nxe3 16. fxe3 c6 17. b4 Rb8 18. Bxa6 Bxa6 19. Rxa6 Rxb4 20. Rxc6 Qa5 21. O-O
Kh8 22. Nd5 Rb5 23. Qxa5 Rxa5 24. Rc1 e4 25. Rc7 1-0

[Event "XV Torneo Internacional de Ajedrez CIUD"]
[Site "Albacete -ESPAÑA"]
[Date "2007.09.04"]
[Round "5.10"]
[White "Fernandez Barrera, V."]
[Black "Minzer, C."]
[Result "1/2-1/2"]
[WhiteElo "2204"]
[BlackElo "2410"]
[PlyCount "66"]
[EventDate "2007.09.02"]

1. e4 e6 2. d4 d5 3. Nc3 Bb4 4. Nge2 Nc6 5. a3 Ba5 6. Be3 Nf6 7. b4 Bb6 8. e5
Ng4 9. Nf4 Nxe3 10. fxe3 g6 11. Bb5 Bd7 12. Bxc6 Bxc6 13. O-O Qe7 14. Qf3 a6
15. Nd3 Bb5 16. Nxb5 axb5 17. c3 c6 18. a4 Rxa4 19. Rxa4 bxa4 20. Qd1 O-O 21.
Qxa4 Rc8 22. Nc5 Bd8 23. Qa7 b6 24. Qxe7 Bxe7 25. Nd7 Bg5 26. Kf2 Ra8 27. Nxb6
Ra6 28. Nd7 Ra2+ 29. Kf3 Rc2 30. Nf6+ Kg7 31. Ne8+ Kf8 32. Nf6 Kg7 33. Ne8+ Kf8
1/2-1/2

[Event "XV Torneo Internacional de Ajedrez CIUD"]
[Site "Albacete -ESPAÑA"]
[Date "2007.09.04"]
[Round "5.12"]
[White "Guerra Bastida, D."]
[Black "Garcia Molina, F."]
[Result "1-0"]
[WhiteElo "2370"]
[BlackElo "2157"]
[PlyCount "91"]
[EventDate "2007.09.02"]

1. c4 e6 2. Nf3 Nf6 3. Nc3 c5 4. e3 b6 5. d4 cxd4 6. exd4 d6 7. Bd3 Bb7 8. O-O
Be7 9. Re1 O-O 10. a3 Nbd7 11. b4 Rc8 12. Bb2 a6 13. Rc1 Rc7 14. Nb1 Qa8 15.
Nbd2 Rfc8 16. Qe2 Nf8 17. Qe3 Qa7 18. h3 Ng6 19. Ng5 a5 20. Nxf7 Kxf7 21. Qxe6+
Kf8 22. Bxg6 hxg6 23. d5 Re8 24. Nf3 Bc8 25. Qe3 Bd8 26. Qf4 Rce7 27. Rf1 Qd7
28. Bxf6 Rf7 29. Ng5 Bxf6 30. Nxf7 Kxf7 31. Rfe1 g5 32. Qg3 Re5 33. Rxe5 dxe5
34. Qe3 axb4 35. axb4 Qd6 36. Qb3 Bb7 37. Rd1 Bc8 38. Qa3 e4 39. c5 bxc5 40.
bxc5 Qf4 41. d6 Bd7 42. Qa7 Ke8 43. Qa8+ Kf7 44. Qb7 Ke8 45. c6 Be6 46. d7+ 1-0

[Event "XV Torneo Internacional de Ajedrez CIUD"]
[Site "Albacete -ESPAÑA"]
[Date "2007.09.04"]
[Round "5.13"]
[White "Mena, A."]
[Black "Bolado Saez, S."]
[Result "0-1"]
[WhiteElo "2169"]
[BlackElo "2366"]
[PlyCount "98"]
[EventDate "2007.09.02"]

1. d4 Nf6 2. c4 d6 3. Nf3 Nbd7 4. Nc3 e5 5. g3 Be7 6. Bg2 O-O 7. O-O c6 8. Qc2
Qc7 9. b3 Re8 10. Bb2 Bf8 11. e4 b5 12. dxe5 dxe5 13. cxb5 cxb5 14. Qe2 b4 15.
Nd5 Qa5 16. Nd2 Ba6 17. Nc4 Rac8 18. Nxa5 Bxe2 19. Rfc1 Nc5 20. Bh3 Ng4 21. Re1
Bf3 22. Bg2 Bxg2 23. Kxg2 Nd3 24. Re2 Ngxf2 25. Nc4 Nxb2 26. Nxb2 Nxe4 27. Rxe4
Rc2+ 28. Kh3 Rxb2 29. Nxb4 f5 30. Rc4 g5 31. Rc2 Bxb4 32. Rxb2 Bc3 33. Rab1
Bxb2 34. Rxb2 Kf7 35. Rc2 e4 36. Kg2 f4 37. Kf2 h5 38. Rc1 Rd8 39. Ke2 Rd3 40.
gxf4 gxf4 41. Rc4 f3+ 42. Ke1 Re3+ 43. Kf1 Ke6 44. b4 Kd5 45. Rc5+ Kd4 46. Rxh5
Rc3 47. Kf2 Rc2+ 48. Kg3 Rg2+ 49. Kf4 f2 0-1

[Event "XV Torneo Internacional de Ajedrez CIUD"]
[Site "Albacete -ESPAÑA"]
[Date "2007.09.04"]
[Round "5.14"]
[White "Granero Roca, A."]
[Black "Cabello Rodriguez, S."]
[Result "1-0"]
[WhiteElo "2348"]
[BlackElo "2105"]
[PlyCount "61"]
[EventDate "2007.09.02"]

1. d4 d5 2. c4 e6 3. Nf3 Nf6 4. g3 Be7 5. Bg2 O-O 6. O-O dxc4 7. Qa4 a6 8. Qxc4
b5 9. Qc2 Bb7 10. Bd2 Be4 11. Qc1 Nc6 12. e3 b4 13. Ne1 Bxg2 14. Nxg2 Qd6 15.
Qc2 Rfc8 16. a3 a5 17. Qa4 Ra6 18. Rc1 Nb8 19. Be1 e5 20. Nd2 exd4 21. Nc4 Qd7
22. Qxd7 Nfxd7 23. exd4 c5 24. d5 Rd8 25. axb4 axb4 26. Rxa6 Nxa6 27. Ra1 Ndb8
28. Nge3 Nc7 29. Ra7 Nba6 30. Nf5 Re8 31. Bd2 1-0